| 000 | 00371nam a2200169Ia 4500 | ||
|---|---|---|---|
| 100 | _aKorn/ Jerry. Ed. | ||
| 650 | _aGeneral | ||
| 490 | _v4 | ||
| 942 | _cRB | ||
| 654 | _aFabulous century | ||
| 245 | _aThis fabulous century 1930-1940 | ||
| 260 |
_bTime-life books _aNew Jersey _c1970 |
||
| 082 |
_a970.05 _bTim |
||
| 300 | _a288 | ||
| 546 | _aENGLISH | ||
| 999 |
_c25186 _d25186 |
||